| 000 | 00559nam a22001937a 4500 | ||
|---|---|---|---|
| 003 | CEME | ||
| 005 | 20210628205251.0 | ||
| 008 | 210224b xxu||||| |||| 00| 0 eng d | ||
| 020 | _a0-07-012445-0 | ||
| 040 | _c. | ||
| 082 | _a629.8 CPN'P | ||
| 100 |
_aConsidine, D. M _974673 |
||
| 245 | _aProcess industrial instrumentation and control handbook | ||
| 250 | _a4TH | ||
| 260 |
_aNEWYORK _bMCGRAW HILL _c1993 |
||
| 300 | _a550P | ||
| 650 |
_aENGINEERING INSTRUMENTS HANDBOOK AUTOMATIC CONTROL HANDBOOK PROCESS CONTROL HANDBOOK _974674 |
||
| 942 |
_cBK _2ddc |
||
| 999 |
_c580180 _d580180 |
||